Culture Générale - Série 2643 - Statistiques

Statistiques générales
  • Ce quiz a été pris 101 fois
  • Le résultat moyen est 4 sur 10
Statistiques - réponses
Question Réponse % Correct
Quelle était la nationalité du peintre René Magritte (1898-1967) ? belge
80%
Quel dieu égyptien était doté d'un corps d'homme et d'une tête de chacal ? voir photo Anubis
72%
Dans quel pays la première greffe du coeur a-t-elle été pratiquée ? Afrique du Sud
49%
Sur quel fleuve africain se trouvent les chutes Victoria ? Zambèze
38%
Dans quel département se trouve la commune d'Aubenas ? Ardèche
30%
Quel personnage de Shakespeare est un général noir amoureux d'une noble blanche ? Othello
28%
Potée au chou, avec des morceaux de légumes, traditionnelle de la cuisine gasconne dans le sud-ouest de la France garbure
22%
Quel animal est appelé "sprat" ? poisson
21%
Courte blouse de grosse toile, pour les marins et les pêcheurs vareuse
21%
Quel terme est utilisé pour définir le blé tendre ? froment
5%
Aucun quiz correspondant
Distribution des résultats
% des personnes avec chaque résultat
Percentile par nombre de réponses
Votre historique - résultats
Vous n’avez pas pris ce quiz